000 00352nam a22001337a 4500
003 OSt
008 110509b xxu||||| |||| 00| 0 eng d
100 1 _aSmith, Peter A.S.
020 _a9963579817
041 _aeng
245 1 0 _aEgypt: Stamps and Postal History - A Philatelic Treatise
260 _aLimassol, Cyprus
_bJames Bendon Ltd.
300 _a922 pages
999 _c124
_d124